书目信息 |
| 题名: |
宋代理学三书随劄
|
|
| 作者: | 钱穆 著 | |
| 分册: | ||
| 出版信息: | 北京 三联书店 2002 |
|
| 页数: | 227页 | |
| 开本: | 20cm | |
| 丛书名: | 钱穆作品系列 | |
| 单 册: | ||
| 中图分类: | B244.05 | |
| 科图分类: | ||
| 主题词: | 理学--研究--中国--两宋时代 , CT--S046545--理学 | |
| 电子资源: | ||
| ISBN: | 7-108-01712-1 | |
| 000 | 00931nam0 2200265 45 | |
| 001 | 002202776 | |
| 005 | 20031219104119.2 | |
| 010 | @a7-108-01712-1@dCNY12.00 | |
| 100 | @a20021203d2002 kemy0chiy0110 ea | |
| 101 | 0 | @achi |
| 102 | @aCN@b110000 | |
| 105 | @ay z 000yy | |
| 106 | @ar | |
| 200 | 1 | @a宋代理学三书随劄@ASong Dai Li Xue San Shu Sui Zha@9song dai li xue sanshu sui zha@f钱穆著 |
| 210 | @a北京@c三联书店@d2002 | |
| 215 | @a227页@d20cm | |
| 225 | 2 | @a钱穆作品系列 |
| 330 | @a本书作者对元代刘因所编《朱子四书集义精要》、周濂溪编《通书》及朱熹、吕东莱编《近思录》三部宋代理学书所作的读书札记,简明扼要地辨析了宋代理学对传统孔孟儒家思想的阐释、继承和发展。 | |
| 461 | 0 | @1001012001061532@1@12001 @a钱穆作品系列 |
| 606 | 0 | @a理学@x研究@y中国@z两宋时代 |
| 606 | 0 | @2CT@3S046545@a理学 |
| 690 | @aB244.05@v4 | |
| 701 | 0 | @a钱穆@9qian mu@4著 |
| 801 | @aCN@bTSTC@c20031009 | |
| 905 | @b326524-525@dB244.05@e27@f2 | |
| 宋代理学三书随劄/钱穆著.-北京:三联书店,2002 |
| 227页;20cm.-(钱穆作品系列) |
| ISBN 7-108-01712-1:CNY12.00 |
| 本书作者对元代刘因所编《朱子四书集义精要》、周濂溪编《通书》及朱熹、吕东莱编《近思录》三部宋代理学书所作的读书札记,简明扼要地辨析了宋代理学对传统孔孟儒家思想的阐释、继承和发展。 |
| ● |
| 相关链接 |
|
|
|
|
正题名:宋代理学三书随劄
索取号:B244.05/27
 
预约/预借
| 序号 | 登录号 | 条形码 | 馆藏地/架位号 | 状态 | 备注 |
| 1 | 0326524 | 203265242 | 第一借阅区/ [索取号:B244.05/27] | 在馆 | |
| 2 | 0326525 | 203265251 | 第一样本阅览室/ [索取号:B244.05/27] | 在馆 |